Abeceda obchodu

Preprava do zahraničia. Dopravné tovarové poistenie. Financovanie exportu. Faktoring a forfaiting. Leasing. Poistenie vývozných úverov. Ďalšie druhy poistenia.

Na minha lista:
Detalhes bibliográficos
Formato: Capítulo de Livro
Idioma:tcheco
Assuntos:
Tags: Adicionar Tag
Sem tags, seja o primeiro a adicionar uma tag!

MARC

LEADER 00000naa$a2200000$$$4500
001 0010278
005 20230908091033.2
041 0 |a cze 
044 |a CZ 
245 1 0 |a Abeceda obchodu 
520 |a Preprava do zahraničia. Dopravné tovarové poistenie. Financovanie exportu. Faktoring a forfaiting. Leasing. Poistenie vývozných úverov. Ďalšie druhy poistenia. 
610 2 0 |a vývoz 
610 2 0 |a styk zahraničnoobchodný 
610 2 0 |a technika obchodná 
610 2 0 |a preprava 
610 2 0 |a tovar 
610 2 0 |a financovanie 
610 2 0 |a faktoring 
610 2 0 |a forfaiting